| 000 | 00449nam a22001217a 4500 | ||
|---|---|---|---|
| 082 | _a220 PRO | ||
| 100 |
_aNS Usama Tariq PC Muhammad Shahzad NS Asif Mehmood _971403 |
||
| 245 | _aPR-SOF-1304-CENTRALIZED INTELLIGENT CONTROL OF MULTIPLE ELECTRO MECHANICAL SYSTEMS | ||
| 260 |
_aISLAMABAD _bNUST COLLEGE OF EME _c2013 |
||
| 650 |
_a DE-COMP-31 _971404 |
||
| 700 |
_aPROJECT SUPERVISOR Dr. Shoab A. Khan CO SUPERVISOR Dr. M. Abbas _971405 |
||
| 942 | _cCR | ||
| 999 |
_c577939 _d577939 |
||